| 000 | 005840000a22001810004500 | ||
|---|---|---|---|
| 003 | MACL | ||
| 005 | 20160402154212.0 | ||
| 008 | 160402b xxu||||| |||| 00| 0 eng d | ||
| 040 |
_aMACL _cMACL |
||
| 041 | _aHindi | ||
| 082 | _a398 | ||
| 100 |
_aसक्सेना उषा _949913 |
||
| 245 | _aलोक साहित्य एवं लोक संस्कृति | ||
| 260 |
_bराजभाषा प्रकाशन _c2011 _aदिल्ली |
||
| 350 | _a490 | ||
| 650 |
_aलोक साहित्य _949621 |
||
| 942 |
_cHIN _k398/SAX _2ddc |
||
| 999 |
_c45079 _d45079 |
||